| 000 | 00553cam a2200181 4500500 | ||
|---|---|---|---|
| 005 | 20260329004607.0 | ||
| 041 | _afre | ||
| 042 | _adc | ||
| 100 | 1 | 0 |
_aRontard, Yseult _eauthor |
| 245 | 0 | 0 | _aLe décryptage/L’engouement musical des confinés |
| 260 | _c2020. | ||
| 500 | _a2 | ||
| 690 | _aConfinement | ||
| 690 | _aCovid-19 | ||
| 690 | _aMusique | ||
| 786 | 0 | _nPhilosophie magazine | 141 | 8 | 2020-08-01 | p. 4-4 | 1951-1787 | |
| 856 | 4 | 1 | _uhttps://shs.cairn.info/magazine-philosophie-magazine-2020-8-page-4?lang=fr&redirect-ssocas=7080 |
| 999 |
_c1835449 _d1835449 |
||